000 00775cam a2200277 4500
008 000000n1999 000 0 eng u
020 _a0728203294
035 _a(Sirsi) u100279
041 _aeng
050 _a333.0023
100 _aMurdoch, John
245 _aCPD legal update 1999.
250 _a8th
260 _aLondon
_bEstates Gazette
_c1999
300 _axxxvii,146p. ; 30cm.
350 _a21.00
650 _aCOMPENSATION
650 _aCPD LEGAL UPDATE
650 _aESTATES GAZETTE
650 _aABOUT RICS-RELATED ORGANISATIONS-INCORPORATED SOCIETY OF VALUERS AND AUCTIONEERS
650 _aLANDLORD AND TENANT
_96252
650 _aLAW
650 _aPLANNING LAW
690 _aMANAGEMENT-BUSINESS MANAGEMENT-PROFESSIONAL PRACTICE
942 _n0
999 _c99670
_d99670